[Event "Foment Martinenc op-C 20th"]
[Site "Barcelona"]
[Date "2018.06.09"]
[Round "8"]
[White "Moya Paredes, Sergi"]
[Black "Membrives Cano, Diego"]
[Result "0-1"]
[WhiteElo "1310"]
[BlackElo "1551"]
[PlyCount "56"]
[EventDate "2018.04.21"]
[EventType "swiss"]
[EventRounds "9"]
[EventCountry "ESP"]
[SourceTitle "CBM 184 Extra"]
[Source "ChessBase"]
[SourceDate "2018.06.28"]
[SourceVersion "1"]
[SourceVersionDate "2018.06.28"]
[SourceQuality "1"]

1. e4 d6 2. d4 Nf6 3. Nc3 Nbd7 4. Nf3 e5 5. d5 c6 6. Bc4 Be7 7. 0-0 0-0 8. Bg5 Nc5 9. Qd2 Nfxe4 10. Nxe4 Nxe4 11. Qe3 Nxg5 12. Nd2 h6 13. Bd3 cxd5 14. Rfe1 Bf6 15. Qe2 Re8 16. Bb5 Bd7 17. Bd3 e4 18. Bb5 Be5 19. Bxd7 Qxd7 20. Qd1 Qf5 21. Qh5 Bd4 22. h4 Nh3+ 23. Kh2 Qxh5 24. Kxh3 Bxf2 25. Rf1 e3 26. g4 Qxh4+ 27. Kg2 Qg3+ 28. Kh1 Qh3# 0-1

[Event "Foment Martinenc op-C 20th"]
[Site "Barcelona"]
[Date "2018.04.28"]
[Round "2"]
[White "Blasco Parrilla, Antonio"]
[Black "Moya Paredes, Sergi"]
[Result "1-0"]
[WhiteElo "1734"]
[BlackElo "1310"]
[PlyCount "77"]
[EventDate "2018.04.21"]
[EventType "swiss"]
[EventRounds "9"]
[EventCountry "ESP"]
[SourceTitle "CBM 184 Extra"]
[Source "ChessBase"]
[SourceDate "2018.06.28"]
[SourceVersion "1"]
[SourceVersionDate "2018.06.28"]
[SourceQuality "1"]

1. Nf3 e5 2. Nxe5 Qe7 3. Nf3 d5 4. g3 Nf6 5. d4 Nc6 6. Bg2 Bg4 7. e3 Qb4+ 8. c3 Qb5 9. a4 Qa6 10. b4 b6 11. b5 Qb7 12. bxc6 Qxc6 13. Bf1 Bd6 14. Bb5 Qxb5 15. axb5 0-0 16. Ba3 Bxa3 17. Nxa3 Ne4 18. Rc1 Bh3 19. c4 Bg2 20. Rg1 Bh3 21. cxd5 Rad8 22. Rxc7 h6 23. Qc2 Bf5 24. Qc1 Rfe8 25. Ne5 Rxd5 26. Rxa7 Rc8 27. Nc6 Rc5 28. dxc5 bxc5 29. Ne7+ Kf8 30. Nxc8 Bxc8 31. Qc4 Kg8 32. Qxe4 g6 33. Qe8+ Kg7 34. Qxc8 c4 35. Qxc4 Kf6 36. Qc7 Kf5 37. Qxf7+ Kg4 38. Qf4+ Kh3 39. Qh4# 1-0